Statistics for 20 Biggest Cities in India on a Map

Click here to take the quiz!

General Stats

  • This quiz has been taken 3,479 times
  • The average score is 13 of 20

Answers on the Map

Answers color-coded by a green-red scale on the quiz's map according to % correct below.
 

Answer Stats

PopulationCity% Correct
25.8 milDelhi
99%
22.9 milMumbai
99%
15.9 milKolkata
97%
9.9 milChennai
93%
10.2 milBengaluru
91%
8.8 milHyderabad
89%
7.3 milAhmedabad
86%
6.0 milPune
77%
3.5 milJaipur
75%
3.3 milLucknow
71%
2.0 milAgra
66%
5.6 milSurat
66%
3.0 milNagpur
51%
2.5 milPatna
51%
2.1 milBhopal
50%
3.3 milKanpur
46%
2.7 milIndore
44%
2.4 milCoimbatore
33%
2.0 milVadodara
26%
2.5 milBhilai
25%

Score Distribution

Percentile by Number Answered

Percent of People with Each Score

Your Score History

You have not taken this quiz